[Event "Sardinia World op-B"]
[Site "Orosei"]
[Date "2024.04.29"]
[Round "3"]
[White "Wang, Shanshan"]
[Black "Guidi, Giacomo G"]
[Result "1-0"]
[WhiteElo "1966"]
[BlackElo "1894"]
[PlyCount "57"]
[EventDate "2024.04.27"]
[EventType "swiss"]
[EventRounds "9"]
[EventCountry "ITA"]
[SourceTitle "EXT 2025"]
[Source "ChessBase"]
[SourceDate "2024.10.14"]
[SourceVersion "1"]
[SourceVersionDate "2024.10.14"]
[SourceQuality "1"]

1. e4 c5 2. Nf3 Nc6 3. d4 cxd4 4. Nxd4 Nf6 5. Nc3 e5 6. Ndb5 d6 7. Bg5 a6 8. Na3 b5 9. Nd5 Be7 10. Bxf6 Bxf6 11. c3 0-0 12. Nc2 Bg5 13. a4 bxa4 14. Rxa4 a5 15. Bc4 Rb8 16. b3 Kh8 17. Nce3 g6 18. h4 Bxh4 19. g3 Bg5 20. f4 exf4 21. gxf4 Bh4+ 22. Kf1 Bf6 23. Ra2 Bg7 24. Rah2 h6 25. Qe2 Qd7 26. Rxh6+ Bxh6 27. Rxh6+ Kg7 28. Qh2 Ba6 29. Rh7+ 1-0

[Event "Milan Carnevale op-A 5th"]
[Site "Milan"]
[Date "2014.03.09"]
[Round "5"]
[White "Guidi, Giacomo G"]
[Black "Motola, Jacopo"]
[Result "0-1"]
[WhiteElo "1999"]
[BlackElo "2062"]
[PlyCount "76"]
[EventDate "2014.03.05"]
[EventType "swiss"]
[EventRounds "6"]
[EventCountry "ITA"]
[SourceTitle "EXT 2015"]
[Source "ChessBase"]
[SourceDate "2014.11.20"]
[SourceVersion "1"]
[SourceVersionDate "2014.11.20"]
[SourceQuality "1"]

1. e4 e6 2. d3 d5 3. Nd2 c5 4. Ngf3 Nf6 5. g3 Nc6 6. Bg2 g6 7. 0-0 Bg7 8. c3 0-0 9. Qe2 b6 10. Ne1 Ba6 11. e5 Nd7 12. f4 Qc7 13. Ndf3 b5 14. Ng5 h6 15. Nxe6 fxe6 16. Qg4 Kf7 17. f5 Ndxe5 18. fxe6+ Kg8 19. Rxf8+ Rxf8 20. Qh3 Ne7 21. Bxh6 Bc8 22. d4 cxd4 23. cxd4 N5c6 24. Nf3 Nxd4 25. Ng5 Qe5 26. Bxg7 Qxg7 27. Re1 Ndf5 28. g4 Nd6 29. Rd1 Ne4 30. Bxe4 dxe4 31. Nf7 Qh7 32. Qb3 Bxe6 33. Nh6+ Qxh6 34. Qxe6+ Kh8 35. Qxe7 Qe3+ 36. Kg2 Qf3+ 37. Kg1 Qxd1+ 38. Kg2 Qf3+ 0-1

[Event "Ceriano Laghetto op-B 22nd"]
[Site "Ceriano Laghetto"]
[Date "2013.03.01"]
[Round "1"]
[White "Monticelli, Francesco"]
[Black "Guidi, Giacomo G"]
[Result "0-1"]
[WhiteElo "1748"]
[BlackElo "1984"]
[PlyCount "72"]
[EventDate "2013.03.01"]
[EventType "swiss"]
[EventRounds "5"]
[EventCountry "ITA"]
[SourceTitle "EXT 2024"]
[Source "ChessBase"]
[SourceDate "2023.10.10"]
[SourceVersion "1"]
[SourceVersionDate "2023.10.10"]
[SourceQuality "1"]

1. e4 c5 2. Nf3 Nc6 3. d4 cxd4 4. Nxd4 Nf6 5. Nc3 e5 6. Nxc6 bxc6 7. Bg5 h6 8. Bh4 Bb4 9. Qf3 d6 10. Bxf6 Qxf6 11. Qxf6 Bxc3+ 12. bxc3 gxf6 13. Bd3 Rb8 14. 0-0 Ke7 15. Rab1 Be6 16. c4 d5 17. cxd5 cxd5 18. exd5 Bxd5 19. c4 Be6 20. Rfc1 Rhd8 21. Be2 Rxb1 22. Rxb1 Rd2 23. Bf1 Rxa2 24. Rc1 Kd6 25. g3 Kc5 26. Kg2 f5 27. h3 a5 28. Bd3 e4 29. Bb1 Rb2 30. g4 fxg4 31. hxg4 e3 32. Kf1 Rxf2+ 33. Kg1 a4 34. Bd3 a3 35. Rb1 Bxc4 36. Rc1 Rf4 0-1

[Event "Torino Bombelli Memorial 11th"]
[Site "Torino"]
[Date "2011.09.09"]
[Round "2"]
[White "Jotev, Yassen"]
[Black "Guidi, Giacomo G"]
[Result "0-1"]
[WhiteElo "2086"]
[BlackElo "1991"]
[PlyCount "60"]
[EventDate "2011.09.09"]
[EventType "swiss"]
[EventRounds "5"]
[EventCountry "ITA"]
[SourceTitle "EXT 2023"]
[Source "ChessBase"]
[SourceDate "2022.10.05"]
[SourceVersion "1"]
[SourceVersionDate "2022.10.05"]
[SourceQuality "1"]

1. e4 c5 2. Nf3 Nc6 3. Bb5 d6 4. d4 cxd4 5. Nxd4 Qc7 6. Nc3 e6 7. Be3 Nf6 8. f3 Be7 9. Qd2 0-0 10. g4 a6 11. Ba4 b5 12. Nxc6 Qxc6 13. Bb3 Bb7 14. 0-0-0 Rfd8 15. g5 Nd7 16. a3 Nc5 17. Ba2 a5 18. Qd4 Rdc8 19. Kb1 Rab8 20. h4 Ba8 21. h5 b4 22. axb4 Rxb4 23. Qd2 Rcb8 24. g6 Rxb2+ 25. Ka1 Bf6 26. gxf7+ Kxf7 27. Bxc5 Qxc5 28. Qxd6 Qxd6 29. Rxd6 Bxc3 30. Bb3 R2xb3+ 0-1

[Event "ITA-ch U20"]
[Site "Montecatini Terme"]
[Date "2011.08.04"]
[Round "6"]
[White "Maurizio, Antonio"]
[Black "Guidi, Giacomo G"]
[Result "1-0"]
[WhiteElo "2001"]
[BlackElo "1983"]
[PlyCount "80"]
[EventDate "2011.07.31"]
[EventType "swiss"]
[EventRounds "9"]
[EventCountry "ITA"]
[SourceTitle "EXT 2014"]
[Source "ChessBase"]
[SourceDate "2013.11.20"]
[SourceVersion "1"]
[SourceVersionDate "2013.11.20"]
[SourceQuality "1"]

1. d4 f5 2. Nf3 Nf6 3. c4 e6 4. g3 Be7 5. Bg2 0-0 6. 0-0 d6 7. Nc3 Qe8 8. Re1 Qg6 9. Qc2 Ne4 10. Nd2 Nxc3 11. bxc3 e5 12. c5 Nc6 13. d5 Nd8 14. cxd6 cxd6 15. c4 Nf7 16. Bb2 Qh6 17. Nf3 f4 18. c5 Qh5 19. gxf4 Bh3 20. Bxh3 Qxh3 21. Qd3 Nh6 22. Nxe5 Qh5 23. Qf3 Qh4 24. Nd3 Rf7 25. Qg3 Qh5 26. e4 dxc5 27. Ne5 Rf6 28. Kh1 Bd6 29. Rg1 g6 30. Nd7 Rxf4 31. Qxf4 Bxf4 32. Nf6+ Kf7 33. Nxh5 gxh5 34. Rg7+ Kf8 35. Rxh7 Re8 36. Bg7+ Kg8 37. Rh8+ Kf7 38. Bxh6 Bxh6 39. Rxh6 Rxe4 40. Rd1 c4 1-0

[Event "ITA-ch U20"]
[Site "Montecatini Terme"]
[Date "2011.07.31"]
[Round "1"]
[White "Guidi, Giacomo G"]
[Black "Caprio, Guido"]
[Result "0-1"]
[WhiteElo "1983"]
[BlackElo "2312"]
[PlyCount "67"]
[EventDate "2011.07.31"]
[EventType "swiss"]
[EventRounds "9"]
[EventCountry "ITA"]
[SourceTitle "EXT 2014"]
[Source "ChessBase"]
[SourceDate "2013.11.20"]
[SourceVersion "1"]
[SourceVersionDate "2013.11.20"]
[SourceQuality "1"]

1. Nf3 c5 2. g3 Nf6 3. Bg2 Nc6 4. 0-0 e5 5. d3 d5 6. c4 Be7 7. cxd5 Nxd5 8. Nc3 Nc7 9. Nd2 Bd7 10. f4 exf4 11. gxf4 0-0 12. Nf3 Re8 13. Kh1 Be6 14. e4 Bg4 15. Be3 Nb4 16. d4 cxd4 17. Bxd4 Ne6 18. Be3 Bc5 19. Bxc5 Nxc5 20. Qe2 Nd5 21. Nxd5 Qxd5 22. Qb5 Bd7 23. exd5 Bxb5 24. Rfe1 Nd3 25. Rxe8+ Rxe8 26. Nd4 Bd7 27. f5 Nxb2 28. Rb1 b6 29. Nc6 Nc4 30. Nxa7 Bxf5 31. Rc1 g6 32. Kg1 Bd3 33. Rd1 Ra8 34. Rxd3 0-1

[Event "Crema op 12th"]
[Site "Crema "]
[Date "2010.09.05"]
[Round "3"]
[White "Guglielmetti, Oscar"]
[Black "Guidi, Giacomo G"]
[Result "1-0"]
[WhiteElo "1779"]
[BlackElo "1942"]
[PlyCount "113"]
[EventDate "2010.09.05"]
[EventType "swiss"]
[EventRounds "6"]
[EventCountry "ITA"]
[SourceTitle "EXT 2012"]
[Source "ChessBase"]
[SourceDate "2011.11.24"]
[SourceVersion "1"]
[SourceVersionDate "2011.11.24"]
[SourceQuality "1"]

1. Nf3 e6 2. g3 f5 3. d3 Nf6 4. Bg2 Bc5 5. Nc3 d5 6. a3 a5 7. Bf4 0-0 8. 0-0 Bd6 9. Qd2 Qe8 10. Bxd6 cxd6 11. a4 Bd7 12. Nd4 Nc6 13. Ndb5 Qe7 14. e3 Ne5 15. Rae1 Bc6 16. Qe2 Rad8 17. h3 Qe8 18. Nc7 Qf7 19. N7b5 Qg6 20. Nd4 Bd7 21. Ncb5 Nf7 22. Nc7 Ne8 23. Nxe8 Rfxe8 24. Qd2 e5 25. Ne2 Qh6 26. Qxa5 f4 27. Qxd5 Bc6 28. Qc4 f3 29. e4 fxg2 30. Kxg2 Kh8 31. Ng1 Bd7 32. Qc7 Bxa4 33. Qxb7 Bxc2 34. Qd5 Rb8 35. Re2 Bb3 36. Qc6 Rec8 37. Qd7 Qf6 38. f4 Qe6 39. Qa7 Ra8 40. Qb7 Nh6 41. f5 Qf7 42. Qb4 Bc2 43. Rd2 Qd7 44. f6 Nf5 45. fxg7+ Kxg7 46. Rdf2 Nh6 47. Qb6 Ng8 48. Rf7+ Qxf7 49. Rxf7+ Kxf7 50. Nf3 Bb3 51. Ng5+ Kg6 52. Qe3 Kg7 53. Kf3 h6 54. Nf7 Kxf7 55. d4 Rf8 56. Qxb3+ Kg6+ 57. Ke3 1-0

[Event "Crema op 12th"]
[Site "Crema "]
[Date "2010.09.05"]
[Round "6"]
[White "Guidi, Giacomo G"]
[Black "Tagliaferri, Valerio"]
[Result "1-0"]
[WhiteElo "1942"]
[BlackElo "1884"]
[PlyCount "112"]
[EventDate "2010.09.05"]
[EventType "swiss"]
[EventRounds "6"]
[EventCountry "ITA"]
[SourceTitle "EXT 2012"]
[Source "ChessBase"]
[SourceDate "2011.11.24"]
[SourceVersion "1"]
[SourceVersionDate "2011.11.24"]
[SourceQuality "1"]

1. Nf3 Nf6 2. g3 e6 3. Bg2 d5 4. d3 c5 5. 0-0 Nc6 6. Nbd2 Be7 7. e4 Qc7 8. Qe2 0-0 9. e5 Nd7 10. Re1 f6 11. exf6 Nxf6 12. Bh3 e5 13. Bxc8 Qxc8 14. Nxe5 Nd4 15. Qd1 Qh3 16. Nf1 Bd6 17. f4 Rae8 18. Ne3 Bxe5 19. fxe5 Rxe5 20. Rf1 Rfe8 21. c3 Nc6 22. d4 cxd4 23. cxd4 Rxe3 24. Bxe3 Rxe3 25. Qd2 Re4 26. Rae1 Qg4 27. Rf4 Rxf4 28. Qxf4 Qxf4 29. gxf4 Kf7 30. Rc1 Ke6 31. Kf2 Kf5 32. b4 a6 33. a4 g6 34. b5 axb5 35. axb5 Nxd4 36. b6 Nc6 37. Kf3 Nh5 38. Rxc6 bxc6 39. b7 Nxf4 40. b8Q Ne6 41. Qd6 h5 42. Ke3 d4+ 43. Kd3 c5 44. Kc4 g5 45. Qd5+ Kf6 46. Qf3+ Kg6 47. Qf2 g4 48. Qh4 Ng5 49. Kxc5 Nf3 50. Qf2 d3 51. Kc4 d2 52. Qe2 Nxh2 53. Qd3+ Kf6 54. Qxd2 Nf3 55. Qh6+ Kf5 56. Qxh5+ Kf4 1-0

[Event "ITA-ch U20"]
[Site "Bratto"]
[Date "2008.08.24"]
[Round "3"]
[White "Zanchetta, Nicola"]
[Black "Guidi, Giacomo G"]
[Result "0-1"]
[WhiteElo "1777"]
[BlackElo "1526"]
[PlyCount "102"]
[EventDate "2008.08.22"]
[EventType "swiss"]
[EventRounds "9"]
[EventCountry "ITA"]
[SourceTitle "CBM 126 Extra"]
[Source "ChessBase"]
[SourceDate "2008.11.05"]
[SourceVersion "1"]
[SourceVersionDate "2008.11.05"]
[SourceQuality "1"]

1. e4 d5 2. exd5 Nf6 3. d4 Bg4 4. Be2 Bxe2 5. Nxe2 Qxd5 6. 0-0 e6 7. Nbc3 Qh5 8. Ng3 Qxd1 9. Rxd1 Nc6 10. Nce4 Nd5 11. c4 Nb6 12. b3 Be7 13. Bf4 0-0-0 14. Ne2 h6 15. h3 Rd7 16. Nc5 Nxd4 17. Nxd7 Nxe2+ 18. Kf1 Nxf4 19. Nxb6+ axb6 20. a4 Bb4 21. g3 Ng6 22. c5 Bxc5 23. a5 Rd8 24. Rdc1 Rd2 25. Ke1 Rb2 26. a6 bxa6 27. Rxa6 Bxf2+ 28. Kf1 Bc5 29. Ra8+ Kb7 30. Rd8 Ne5 31. Ke1 Nf3+ 32. Kd1 Bd6 33. Rc3 Nd4 34. Rd3 Nxb3 35. g4 Nc5 36. Rf3 Be7 37. Rd4 Bf6 38. Rc4 Rb3 39. Rxb3 Nxb3 40. Kc2 Nd4+ 41. Kd3 c5 42. Rc1 Kc6 43. Rf1 Kd5 44. h4 c4+ 45. Kd2 b5 46. Kd1 b4 47. g5 hxg5 48. hxg5 Bxg5 49. Rxf7 c3 50. Rd7+ Kc4 51. Rc7+ Kb3 0-1